000 00330nam a2200133Ia 4500
005 20260328104318.0
008 260328s9999||||xx |||||||||||||| ||und||
100 _aHarris, Brenda
245 0 _aPainting With Brenda Harris /
_cBrenda Harris
260 _bNorth Light Books
300 _a110 p.
650 _aDIBUJO
942 _cBK
999 _c11259
_d11259